Músculos y ligamentos del tórax y el abdomen - Estadísticas

Estadísticas generales
  • Esta prueba ha sido intentada 58 veces
    46 desde el último reinicio
  • La puntuación promedio es 4 de 8
Estadísticas de respuestas
Imagen Respuesta % Correcto
Deltoides
90%
Pectoral mayor
82%
Pectoral menor
78%
Oblicuo interno
57%
Subclavio
57%
Psoas mayor
56%
Coracobraquial
53%
Oblicuo externo
53%
Serrato anterior
45%
Serrato posterior inferior
45%
Cuadrado lumbar
38%
Intercostal íntimo
38%
Serrato posterior superior
36%
Intercostal interno
32%
Subcostales
30%
Intercostal externo
25%
Transverso del abdomen
22%
Transverso del tórax
20%
Elevadores de las costillas
18%
Piramidal
14%
Ligamento de Treitz
10%
Recto mayor
6%
No se encontraron pruebas coincidentes
Distribución de puntuación
Porcentaje de gente con cada puntuación
Porcentaje por número respondido
Historial de tus puntuaciones
No has intentado esta prueba desde el último reinicio